Poesía atlántica / (Record no. 8236)
[ view plain ]
| 000 -CABECERA | |
|---|---|
| campo de control de longitud fija | 00805cam a2200229 a 4500 |
| 001 - NÚMERO DE CONTROL | |
| campo de control | 000008465 |
| 005 - FECHA Y HORA DE LA ÚLTIMA TRANSACCIÓN | |
| campo de control | 20200929161339.0 |
| 008 - DATOS DE LONGITUD FIJA--INFORMACIÓN GENERAL | |
| campo de control de longitud fija | 810220s1980 nq f000 0 spa |
| 040 ## - FUENTE DE LA CATALOGACIÓN | |
| Centro catalogador/agencia de origen | DO-SdBNP |
| Lengua de catalogación | spa |
| Centro/agencia transcriptor | LC |
| Centro/agencia modificador | BNPHU |
| 082 ## - NÚMERO DE LA CLASIFICACIÓN DECIMAL DEWEY | |
| Número de clasificación | N861.44 |
| Número de documento/Ítem | P745 |
| 049 ## - FONDOS LOCALES (OCLC) | |
| Fondos de biblioteca | BNGR |
| 245 00 - MENCIÓN DE TÍTULO | |
| Título | Poesía atlántica / |
| Mención de responsabilidad, etc. | introducción Lizandro Chavez Alfaro ; selección Julio Valle Castillo. |
| 260 ## - PUBLICACIÓN, DISTRIBUCIÓN, ETC. | |
| Lugar de publicación, distribución, etc. | Managua : |
| Nombre del editor, distribuidor, etc. | Ministerio de Cultura, |
| Fecha de publicación, distribución, etc. | 1980. |
| 300 ## - DESCRIPCIÓN FÍSICA | |
| Extensión | 102 p. ; |
| Dimensiones | 21 cm. |
| 490 1# - MENCIÓN DE SERIE | |
| Mención de serie | Popular de Literatura Nicaragüense |
| Designación de volumen o secuencia | 1 |
| 650 #4 - PUNTO DE ACCESO ADICIONAL DE MATERIA--TÉRMINO DE MATERIA | |
| Término de materia o nombre geográfico como elemento de entrada | Poesía nicaraguense |
| 9 (RLIN) | 8179 |
| 650 #4 - PUNTO DE ACCESO ADICIONAL DE MATERIA--TÉRMINO DE MATERIA | |
| Término de materia o nombre geográfico como elemento de entrada | Literatura nicaraguense |
| 9 (RLIN) | 8180 |
| 700 1# - PUNTO DE ACCESO ADICIONAL--NOMBRE DE PERSONA | |
| Nombre de persona | Chavez Alfaro, Lizandro, |
| Término indicativo de función/relación | introd. |
| 9 (RLIN) | 22769 |
| 700 1# - PUNTO DE ACCESO ADICIONAL--NOMBRE DE PERSONA | |
| Nombre de persona | Valle Castillo, Julio. |
| 9 (RLIN) | 22770 |
| 830 #0 - PUNTO DE ACCESO ADICIONAL DE SERIE-TÍTULO UNIFORME | |
| Título uniforme | Popular de Literatura Nicaragüense ; |
| Designación de volumen o secuencia | 1 |
| 9 (RLIN) | 22771 |
| 910 ## - DATOS DE OPCIÓN DEL USUARIO (OCLC) | |
| Datos de opción del usuario | Catalogación por copia / LC |
| Estado de retiro | Estado de pérdida | Restricciones de uso | No para préstamo | Código de colección | Localización permanente | Ubicación/localización actual | Ubicación en estantería | Fecha de adquisición | Número de inventario | Total de préstamos | Signatura topográfica completa | Código de barras | Fecha visto por última vez | Precio válido a partir de | Tipo de ítem Koha |
|---|---|---|---|---|---|---|---|---|---|---|---|---|---|---|---|
| Préstamo interno | Monografías: Libros y Folletos | General | General | En catalogación | 16.09.2009 | LF1 | N861.44 P745 | 8465-10 | 25.06.2020 | 25.06.2020 | Préstamo interno |
